Dragon City Elements - Statistics

General Stats
  • This quiz has been taken 62 times
  • The average score is 15 of 21
Answer Stats
Elements % Correct
Flame
100%
Light
95%
Sea
95%
Dark
93%
Ice
90%
Terra
90%
Nature
85%
Electric
76%
Metal
76%
Pure
71%
Wind
71%
War
66%
Magic
61%
Time
61%
Legend
59%
Chaos
56%
Dream
51%
Primal
51%
Happy
49%
Soul
46%
Beauty
44%
No matching quizzes found
Score Distribution
Percent of People with Each Score
Percentile by Number Answered
Your Score History
You have not taken this quiz